000 00662nam a2200193 i 4500
001 101407
003 ES-MaACL
005 20250829062548.0
007 t|
008 051018s1959 sp ||||1| spa d
100 1 _aMaurois, André,
_d1885-1967
_979267
245 1 0 _aViaje al país de los artícolas; seguido de Por el camino de Chelsea /
_cpor André Maurois, [seud.] de Emile Herzog; [versión castellana de F. Oliver Brachfeld].
260 _aBarcelona :
_bG.P.,
_c1959.
300 _a128 p. ;
_c18 cm.
700 1 _aOliver Brachfeld, F.
_986832
740 0 _aPor el camino de Chelsea.
852 _aES-MaACL
_jC-17527
_bR.45060
999 _c101407
_d101407